000 00662nam a2200241 i 4500
001 C2-0131175
003 PPAK
005 20180727122210.0
008 971008s1995 my a|||| ||||| | may d
020 _a9838980854
040 _aPPAK
_beng
_cPPAK
_erda
082 0 4 _a499.2386
_223
090 0 0 _a499.2386
_bSIT
_dK
100 0 _aSiti Rosnah Haji Ahmad,
_eauthor
245 1 0 _aKhasiat tumbuh-tumbuhan
264 1 _aMelaka :
_bPustaka Ilham ,
_c1995
300 _a26 pages :
_billustrations ;
_c21 cm
336 _2rdacontent
_atext
337 _2rdamedia
_aunmediated
338 _2rdacarrier
_avolume
650 1 0 _aBahasa Melayu - Readers
942 _ddc
_cB
999 _c40545
_d40545